|
|
|
|
| LEADER |
01082nam a22003014a 4500 |
| 001 |
28799 |
| 003 |
BD-DhAAL |
| 005 |
20150111161739.0 |
| 008 |
150111s2011 nyu 000 1 eng |
| 010 |
|
|
|a 2010046813
|
| 020 |
|
|
|a 9780312650247
|
| 020 |
|
|
|a 9780312659417
|
| 040 |
|
|
|a DLC
|c DLC
|d DLC
|d BD-DhAAL
|
| 050 |
0 |
0 |
|a PS3603.A869
|b A93 2011
|
| 082 |
0 |
0 |
|a 813/.6
|2 22
|
| 100 |
1 |
|
|a Cast, P. C.
|9 6951
|
| 245 |
1 |
0 |
|a Awakened /
|c P.C. Cast and Kristin Cast.
|
| 260 |
|
|
|a New York :
|b St. Martin's Griffin,
|c 2011.
|
| 300 |
|
|
|a 290 p. ;
|c 22 cm.
|
| 541 |
|
|
|e 28799
|
| 650 |
|
0 |
|a Redbird, Zoey (Fictitious character)
|v Fiction.
|9 6952
|
| 650 |
|
0 |
|a Vampires
|v Fiction.
|9 6865
|
| 655 |
|
7 |
|a Fantasy fiction.
|2 gsafd
|9 7350
|
| 655 |
|
7 |
|a Occult fiction.
|2 gsafd
|9 6954
|
| 700 |
1 |
|
|a Cast, Kristin.
|9 6955
|
| 942 |
|
|
|2 ddc
|c BK
|
| 999 |
|
|
|c 33466
|d 33466
|
| 952 |
|
|
|0 0
|1 0
|2 ddc
|4 0
|6 813_600000000000000_CAS
|7 0
|9 44728
|a BRACUL
|b BRACUL
|c GEN
|d 2015-01-11
|e BRAC Institute of Language (BIL)
|l 7
|m 25
|o 813.6 CAS
|p 3010028799
|r 2025-02-03
|s 2025-01-19
|t 1
|w 2015-01-11
|y BK
|x Transferred from BIL to BRACUL on 06/06/22
|